Friend of Friend (Record no. 366366)

000 -LEADER
fixed length control field 00369cam a22001337a 4500
008 - FIXED-LENGTH DATA ELEMENTS--GENERAL INFORMATION
fixed length control field 180718b1943 xxu||||| |||| 00| 0 eng d
082 ## - DEWEY DECIMAL CLASSIFICATION NUMBER
Classification number C0x5407 G163
100 ## - MAIN ENTRY--PERSONAL NAME
Personal name Garbett, Cloin
245 ## - TITLE STATEMENT
Title Friend of Friend
Statement of responsibility, etc. Colin Garbett
260 ## - PUBLICATION, DISTRIBUTION, ETC.
Place of publication, distribution, etc. London
Name of publisher, distributor, etc. OUP
Date of publication, distribution, etc. 1943
300 ## - PHYSICAL DESCRIPTION
Extent 236p.
650 ## - SUBJECT ADDED ENTRY--TOPICAL TERM
Topical term or geographic name entry element India - Government
650 ## - SUBJECT ADDED ENTRY--TOPICAL TERM
Topical term or geographic name entry element Constitutional History - India - 1858 - 1947
Holdings
Withdrawn status Lost status Damaged status Not for loan Permanent Location Current Location Date acquired Full call number Barcode Date last seen Price effective from Koha item type
        Indian Institute of Public Administration Indian Institute of Public Administration 1994-05-02 C0x5407 G163 7690 2018-07-21 2018-07-21 Book

Powered by Koha